| 000 | 00718cam a2200265 4500 | ||
|---|---|---|---|
| 001 | B1676 | ||
| 008 | 090401t1985 xxu||||| |||| 00| 0 eng d | ||
| 035 | _a(Sirsi) u45712 | ||
| 041 | _aeng | ||
| 050 | _a333.33016 | ||
| 110 |
_aMichael Laurie and Partners _92368 |
||
| 245 | 4 | _aThe MLP-CIG property index 1978 - 1984 (and) the FRC property index | |
| 260 |
_aLondon _bCorporate Intelligence Group _c1985 |
||
| 300 | _a16p. ; 30cm. | ||
| 350 | _a0 | ||
| 650 | _aFRANK RUSSELL COMPANY | ||
| 650 | _aINDUSTRIAL PROPERTY | ||
| 650 | _aOFFICES | ||
| 650 | _aPROPERTY INDEXES | ||
| 650 | _aPROPERTY INVESTMENT | ||
| 650 | _aSHOPS | ||
| 650 | _aUNITED STATES OF AMERICA | ||
| 942 | _n0 | ||
| 948 | _c04/03/1997 | ||
| 999 |
_c91811 _d91811 |
||